000 00406nam a22001457a 4500
003 MACL
005 20190604164932.0
008 190604b xxu||||| |||| 00| 0 eng d
040 _cMACL
100 _aShastri,Satya Vart
_975225
245 _aDiscovery of Sanskrit Treasures Garmmar And Linguistics Volume-I
260 _aDelhi
_bYash Publications
_c2016
650 _aLinguistics
_975226
942 _2ddc
_cBK
999 _c60038
_d60038